Statistics for Most Googled Countries

Click here to take the quiz!

General Stats

  • This quiz has been taken 322 times
  • The average score is 13 of 25

Answer Stats

Search Volume IndexAnswer% Correct
63United States
99%
71China
95%
60France
93%
78Japan
88%
77Canada
86%
83Mexico
85%
75Australia
83%
85India
83%
64Spain
79%
72Egypt
65%
66New Zealand
61%
71Sweden
57%
73Cuba
46%
76Colombia
42%
75Peru
40%
78Malaysia
34%
88Singapore
31%
72Belgium
30%
59Ecuador
22%
64Nepal
20%
63The Bahamas
20%
88Luxembourg
13%
71Georgia
10%
70Bulgaria
6%
77El Salvador
4%

Score Distribution

Percentile by Number Answered

Percent of People with Each Score

Your Score History

You have not taken this quiz